000
00254nam a2200097Ia 4500
008
180205s9999 xx 000 0 und d
100
_a
Constantino, Renato
245
4
_a
The making of a Filipino /
260
_a
Quezon City
_c
2000
300
_a
vii, 342 pages
999
_c
354808
_d
354808